00321pam a2200145a 44500008004100000020000900041041001200050082000900062100002200071245003300093250000600126260002600132300000800158650000900166230515b1998 xxu||||| |||| 00| 0 eng d aNULL aENGLISH aN.D. aBhattacharyya B.C aEngineering Equipment Design a0 aNULLbCBS Ppub.c1998 a298 aNULL